भाग्य, कर्म और फल / (Record no. 121122)
[ view plain ]
| 000 -LEADER | |
|---|---|
| fixed length control field | 01262nam a22002657a 4500 |
| 005 - DATE AND TIME OF LATEST TRANSACTION | |
| control field | 20170124103208.0 |
| 010 ## - LIBRARY OF CONGRESS CONTROL NUMBER | |
| LC control number | B-144962 |
| 020 ## - INTERNATIONAL STANDARD BOOK NUMBER | |
| Terms of availability | 00.00 |
| International Standard Book Number | 8188093351 |
| 035 ## - SYSTEM CONTROL NUMBER | |
| System control number | B-144962 |
| 037 ## - SOURCE OF ACQUISITION | |
| Source of stock number/acquisition | Cen Lib/Ret |
| 040 ## - CATALOGING SOURCE | |
| Original cataloging agency | DPL |
| Language of cataloging | HN |
| 082 ## - DEWEY DECIMAL CLASSIFICATION NUMBER | |
| Classification number | 133.5 |
| Item number | जाखेटि |
| 100 ## - MAIN ENTRY--PERSONAL NAME | |
| Personal name | जाखेटिया, विधावाच्स्पति रामगोपाल |
| 9 (RLIN) | 94765 |
| 245 ## - TITLE STATEMENT | |
| Title | भाग्य, कर्म और फल / |
| Statement of responsibility, etc | विधावाच्स्पति रामगोपाल जाखेटिया |
| 246 ## - VARYING FORM OF TITLE | |
| Title proper/short title | Bhagya, karam aur phal / |
| Remainder of title | by Vidhavachaspati Ramgopal Jakhetiya |
| 260 ## - PUBLICATION, DISTRIBUTION, ETC. (IMPRINT) | |
| Place of publication, distribution, etc | जयपुर |
| Name of publisher, distributor, etc | ग्रन्थ विकास |
| Date of publication, distribution, etc | 2006 |
| 270 ## - ADDRESS | |
| Address | सी-37, बर्फखाना, राजापार्क |
| City | जयपुर |
| 300 ## - PHYSICAL DESCRIPTION | |
| Extent | 111पृ. |
| Dimensions | 21सेमी(सजिल्द) |
| 500 ## - GENERAL NOTE | |
| General note | अनुक्रमणिका शामिल |
| 650 ## - SUBJECT ADDED ENTRY--TOPICAL TERM | |
| Topical term or geographic name as entry element | परामनोविज्ञान और ओकल्टीज़्म |
| 9 (RLIN) | 94766 |
| 650 ## - SUBJECT ADDED ENTRY--TOPICAL TERM | |
| Topical term or geographic name as entry element | अनुभव और ज्योतिष |
| 9 (RLIN) | 1101 |
| 650 ## - SUBJECT ADDED ENTRY--TOPICAL TERM | |
| Topical term or geographic name as entry element | Parapsychology and occultism |
| 9 (RLIN) | 94767 |
| 650 ## - SUBJECT ADDED ENTRY--TOPICAL TERM | |
| Topical term or geographic name as entry element | Experience and astrology |
| 9 (RLIN) | 94768 |
| 942 ## - ADDED ENTRY ELEMENTS (KOHA) | |
| Source of classification or shelving scheme | Dewey Decimal Classification |
| Koha item type | Hindi Books |
| Classification part | 133.5 |
| Call number suffix | जाखेटि |
| Withdrawn status | Lost status | Damaged status | Not for loan | Home library | Current library | Date acquired | Source of acquisition | Cost, normal purchase price | Total Checkouts | Full call number | Barcode | Date last seen | Date checked out | Copy number | Cost, replacement price | Price effective from | Koha item type | Public note |
|---|---|---|---|---|---|---|---|---|---|---|---|---|---|---|---|---|---|---|
| Written off | Central Library | Central Library | 01/10/2015 | Cen Lib/Ret | 0.00 | 8 | 133.5 जाखेटि | B-144962 | 01/11/2018 | 13/10/2018 | 1 | 0.00 | 01/10/2015 | Hindi Books | Written off on approval by DLB (By Circulation); dtd 15-06-2023 |
